Ikoniset tuolit - Statistics

Yleistilastot
  • Tätä visaa on pelattu 19 kertaa
  • Keskiarvotulos 3 / 16
Vastaustilastot
Kuvavisa Vastaus % Oikein
Pallotuoli
83%
Lepakkotuoli
61%
Aalto jakkara
39%
Karuselli lepotuoli
17%
CH24 Wishbone tuoli
11%
Tulppaani tuoli
11%
Wassily nojatuoli
11%
1006 Navy tuoli
6%
Barcelona tuoli
6%
Diamond tuoli
6%
DSR tuoli
6%
Eames lepotuoli
6%
Egg nojatuoli
6%
Luxembourg tuoli
6%
Panton tuoli
6%
Series 7 tuoli
6%
Ehtoja vastaavia visoja ei löytynyt
Tulosjakauma
Jokaisen tuloksen saaneiden osuus
Persentiili vastausten määrän mukaan
Tuloshistoriasi
Et ole pelannut tätä visaa